000 00704nam a2200265 i 4500
001 C2-0148276
003 PPAK
005 20180727131502.0
008 980319s1993 enka|||| ||||| | eng d
020 _a1855323370
040 _aPPAK
_beng
_cPPAK
_erda
082 0 4 _a358.183
_223
090 0 0 _a358.183
_bJEN
_dR
100 1 _aJentz, Tom,
_eauthor
245 1 0 _aTiger 1 heavy tank, 1942-1945
264 1 _aLondon :
_bOsprey Ltd. ,
_c1993
300 _a48 pages :
_bcolour illustrations ;
_c25 cm
336 _2rdacontent
_atext
337 _2rdamedia
_aunmediated
338 _2rdacarrier
_avolume
490 1 _aNew vanguard 5
700 _eauthor
830 0 _aNew vanguard 5
942 _ddc
_cB
999 _c46896
_d46896